000
00293nam a2200109Ia 4500
008
230907s9999||||xx |||||||||||||| ||und||
082
_a
658.403,EVA
245
0
_a
Evaluation and decision models with multiple critria/
260
_a
Springer
_b
New York
_c
2015
300
_a
xvi, p.:
942
_c
BK
999
_c
597541
_d
597541